<?xml version="1.0" encoding="UTF-8"?>
<record
    xmlns:xsi="http://www.w3.org/2001/XMLSchema-instance"
    xsi:schemaLocation="http://www.loc.gov/MARC21/slim http://www.loc.gov/standards/marcxml/schema/MARC21slim.xsd"
    xmlns="http://www.loc.gov/MARC21/slim">

  <leader>00784nam a22002177a 4500</leader>
  <datafield tag="999" ind1=" " ind2=" ">
    <subfield code="c">65353</subfield>
    <subfield code="d">65353</subfield>
  </datafield>
  <controlfield tag="005">20240530110820.0</controlfield>
  <controlfield tag="008">190115s1993    ua a   f      000 0 ara d</controlfield>
  <datafield tag="017" ind1=" " ind2=" ">
    <subfield code="a">14/0145</subfield>
    <subfield code="b">&#x627;&#x644;&#x633;&#x639;&#x648;&#x62F;&#x64A;&#x629; . &#x645;&#x643;&#x62A;&#x628;&#x629; &#x627;&#x644;&#x645;&#x644;&#x643; &#x641;&#x647;&#x62F; &#x627;&#x644;&#x648;&#x637;&#x646;&#x64A;&#x629;</subfield>
  </datafield>
  <datafield tag="040" ind1=" " ind2=" ">
    <subfield code="a">EG-CaGPL</subfield>
    <subfield code="c">EG-CaGPL</subfield>
  </datafield>
  <datafield tag="082" ind1="0" ind2="4">
    <subfield code="2">21</subfield>
    <subfield code="a">770 /</subfield>
    <subfield code="b">&#x645; &#x62A;</subfield>
  </datafield>
  <datafield tag="100" ind1="0" ind2=" ">
    <subfield code="a">&#x645;&#x635;&#x637;&#x641;&#x649; &#x628;&#x646; &#x645;&#x62D;&#x645;&#x62F; &#x639;&#x64A;&#x633;&#x649; &#x641;&#x644;&#x627;&#x62A;&#x647;</subfield>
  </datafield>
  <datafield tag="245" ind1="1" ind2="2">
    <subfield code="a">&#x627;&#x644;&#x62A;&#x635;&#x648;&#x64A;&#x631; &#x627;&#x644;&#x636;&#x648;&#x626;&#x649; &#x641;&#x649; &#x627;&#x644;&#x62A;&#x639;&#x644;&#x64A;&#x645; &#x648;&#x627;&#x644;&#x62A;&#x62F;&#x631;&#x64A;&#x628; /</subfield>
    <subfield code="c">&#x62A;&#x623;&#x644;&#x64A;&#x641; &#x645;&#x635;&#x637;&#x641;&#x649; &#x628;&#x646; &#x645;&#x62D;&#x645;&#x62F; &#x639;&#x64A;&#x633;&#x649; &#x641;&#x644;&#x627;&#x62A;&#x647;</subfield>
  </datafield>
  <datafield tag="250" ind1=" " ind2=" ">
    <subfield code="a">&#x637;.1</subfield>
  </datafield>
  <datafield tag="260" ind1=" " ind2=" ">
    <subfield code="a">&#x627;&#x644;&#x631;&#x64A;&#x627;&#x636; :</subfield>
    <subfield code="c">1993.</subfield>
  </datafield>
  <datafield tag="300" ind1=" " ind2=" ">
    <subfield code="a">287 &#x635;. :</subfield>
    <subfield code="b">&#x627;&#x64A;&#x636; &#x61B;</subfield>
    <subfield code="c">24 &#x633;&#x645;.</subfield>
  </datafield>
  <datafield tag="650" ind1="0" ind2="7">
    <subfield code="2">qrmak</subfield>
    <subfield code="a">&#x627;&#x644;&#x62A;&#x635;&#x648;&#x64A;&#x631; &#x627;&#x644;&#x636;&#x648;&#x626;&#x649; </subfield>
  </datafield>
  <datafield tag="650" ind1="0" ind2="7">
    <subfield code="a">&#x627;&#x644;&#x62A;&#x639;&#x644;&#x64A;&#x645;</subfield>
    <subfield code="2">qrmak</subfield>
  </datafield>
  <datafield tag="651" ind1=" " ind2=" ">
    <subfield code="2">qrmak</subfield>
  </datafield>
  <datafield tag="942" ind1=" " ind2=" ">
    <subfield code="2">ddc</subfield>
    <subfield code="c">BK</subfield>
  </datafield>
  <datafield tag="952" ind1=" " ind2=" ">
    <subfield code="0">0</subfield>
    <subfield code="1">0</subfield>
    <subfield code="4">0</subfield>
    <subfield code="7">0</subfield>
    <subfield code="a">CAI</subfield>
    <subfield code="b">CAI</subfield>
    <subfield code="c">ART-LIBRARY</subfield>
    <subfield code="d">2019-07-13</subfield>
    <subfield code="l">0</subfield>
    <subfield code="o">770 / &#x645; &#x62A;</subfield>
    <subfield code="p">166090</subfield>
    <subfield code="r">2019-07-13 00:00:00</subfield>
    <subfield code="w">2019-07-13</subfield>
    <subfield code="y">BK</subfield>
  </datafield>
  <datafield tag="952" ind1=" " ind2=" ">
    <subfield code="0">0</subfield>
    <subfield code="1">0</subfield>
    <subfield code="4">0</subfield>
    <subfield code="7">0</subfield>
    <subfield code="a">CAI</subfield>
    <subfield code="b">CAI</subfield>
    <subfield code="d">2019-07-13</subfield>
    <subfield code="l">0</subfield>
    <subfield code="o">770 / &#x645; &#x62A;</subfield>
    <subfield code="p">166096</subfield>
    <subfield code="r">2019-07-13 00:00:00</subfield>
    <subfield code="w">2019-07-13</subfield>
    <subfield code="y">BK</subfield>
  </datafield>
  <datafield tag="952" ind1=" " ind2=" ">
    <subfield code="0">0</subfield>
    <subfield code="1">0</subfield>
    <subfield code="4">0</subfield>
    <subfield code="7">0</subfield>
    <subfield code="a">CAI</subfield>
    <subfield code="b">CAI</subfield>
    <subfield code="d">2019-07-13</subfield>
    <subfield code="l">0</subfield>
    <subfield code="o">770 / &#x645; &#x62A;</subfield>
    <subfield code="p">166097</subfield>
    <subfield code="r">2019-07-13 00:00:00</subfield>
    <subfield code="w">2019-07-13</subfield>
    <subfield code="y">BK</subfield>
  </datafield>
</record>
